| Record ID | ia:christmasfunspot0000mark |
| Source | Internet Archive |
| Download MARC XML | https://archive.org/download/christmasfunspot0000mark/christmasfunspot0000mark_marc.xml |
| Download MARC binary | https://www.archive.org/download/christmasfunspot0000mark/christmasfunspot0000mark_meta.mrc |
LEADER: 02027cam 2200541 a 4500
001 ocn255896264
003 OCoLC
005 20180104010626.0
008 081030s2009 mnua j b 000 0 eng
010 $a 2008045470
040 $aDLC$beng$cDLC$dQBX$dBTCTA$dJN4$dEHH$dLF3$dBDX$dOCLCF$dOCLCO$dOCLCQ$dOCLCO$dYDXCP$dAL5ON$dCD5$dCHILD$dOCLCQ$dMZ3
020 $a9781429622196$q(library binding)
020 $a1429622199$q(library binding)
035 $a(OCoLC)255896264
037 $a1292606$bQBI
042 $alcac
050 00 $aGT4985.5$b.M265 2009
082 00 $a394.2663$222
100 1 $aMarks, Jennifer,$d1979-
245 10 $aChristmas fun :$ba Spot-It challenge /$cby Jennifer L. Marks.
260 $aMankato, Minn. :$bCapstone Press,$c℗♭2009.
300 $a32 pages :$bcolor illustrations ;$c27 cm.
336 $atext$btxt$2rdacontent
337 $aunmediated$bn$2rdamedia
338 $avolume$bnc$2rdacarrier
490 1 $aSpot it
504 $aIncludes bibliographical references (page 32).
500 $a"A+ books."
520 $a"Simple text invites the reader to find items hidden in Christmas-themed photographs"--Provided by publisher.
521 $a"RL: 1-2; IL: PreK-2"--Page 4 of cover.
650 0 $aPicture puzzles$vJuvenile literature.
650 0 $aChristmas$vJuvenile literature.
650 7 $aChristmas.$2fast$0(OCoLC)fst00859787
650 7 $aPicture puzzles.$2fast$0(OCoLC)fst01063812
650 7 $aChristmas.$2sears
650 7 $aPicture puzzles.$2sears
650 1 $aChristmas$xJuvenile literature.
655 7 $aJuvenile works.$2fast$0(OCoLC)fst01411637
830 0 $aSpot it.
938 $aBrodart$bBROD$n09055401$c$25.99
938 $aBaker and Taylor$bBTCP$nBK0007946398
938 $aChildren's Plus, Inc.$bCHIL$n1903466
938 $aQuality Books, Inc.$bQUAL$na 08045470
938 $aYBP Library Services$bYANK$n8507694
029 1 $aAU@$b000043581246
029 1 $aQBX$ba 08045470
994 $aZ0$bPMR
948 $hNO HOLDINGS IN PMR - 598 OTHER HOLDINGS